2008 Real estate investment outlook (Record no. 79696)
[ view plain ]
| 000 -LEADER | |
|---|---|
| fixed length control field | 01037cab a22001935a 4500 |
| 001 - CONTROL NUMBER | |
| control field | L142000 |
| 008 - FIXED-LENGTH DATA ELEMENTS--GENERAL INFORMATION | |
| fixed length control field | 080117s2007 xxuad f s 000 0 eng d |
| 035 ## - SYSTEM CONTROL NUMBER | |
| System control number | (Sirsi) u142000 |
| 041 0# - LANGUAGE CODE | |
| Language code of text/sound track or separate title | eng |
| 110 2# - MAIN ENTRY--CORPORATE NAME | |
| Corporate name or jurisdiction name as entry element | National Real Estate Investor |
| 9 (RLIN) | 3607 |
| 245 00 - TITLE STATEMENT | |
| Title | 2008 Real estate investment outlook |
| Remainder of title | a special research report |
| 260 ## - PUBLICATION, DISTRIBUTION, ETC. | |
| Date of publication, distribution, etc. | 2007 |
| 490 #0 - SERIES STATEMENT | |
| Series statement | National Real Estate Investor |
| Volume/sequential designation | 49(11) November 2007 (special research report), 1-11(11) |
| 520 ## - SUMMARY, ETC. | |
| Summary, etc. | Reports that despite the credit crunch, investors are still confident about the U.S. commercial real estate sector. Surveys over 1,000 real estate investors. Finds that 62% plan to invest in real estate during 2008, compared to 60% in 2006. Availability and cost of financing emerged as the top concerns for 2008, followed by shocks to the economy. Replacement cost continues to be a key criterion for investors when making acquisitions. |
| 590 ## - LOCAL NOTE (RLIN) | |
| Local note | KA |
| 651 #4 - SUBJECT ADDED ENTRY--GEOGRAPHIC NAME | |
| Geographic name | United States |
| Chronological subdivision | 1959- |
| 690 ## - LOCAL SUBJECT ADDED ENTRY--TOPICAL TERM (OCLC, RLIN) | |
| Topical term or geographic name as entry element | PROPERTY-COMMERCIAL PROPERTY-COMMERCIAL PROPERTY MARKET |
| 942 ## - ADDED ENTRY ELEMENTS (KOHA) | |
| Suppress in OPAC | 0 |
| Withdrawn status | Lost status | Source of classification or shelving scheme | Damaged status | Not for loan | Home library | Current library | Shelving location | Date acquired | Total Checkouts | Full call number | Barcode | Date last seen | Copy number | Price effective from | Koha item type |
|---|---|---|---|---|---|---|---|---|---|---|---|---|---|---|---|
| Dewey Decimal Classification | London | London | Journal article | 17/01/2008 | L142000 | 142000-1001 | 06/08/2019 | 1 | 06/08/2019 | Journal article |